La Reclamacin̤ de deudas dinerarias civiles

Detalles Bibliográficos
Autor principal: Gonzl̀ez Pillado, Esther
Otros Autores: Fernǹdez Fustes, Mara̕ Dolores
Formato: eBook
Lenguaje:español
Publicado: Madrid : Boletn̕ Oficial del Estado, 2004
Colección:Conoce tus derechos ; 15
Materias:
Acceso en línea:Acceso restringido

MARC

LEADER 00000nam a22000007a 4500
005 20111222123249.0
007 cr |||||||||||
008 071016s2004 sp |||||s 001 ||spa||
020 |a 8434015471 (versi ̤paper) 
035 |a 1796 
040 |d vLex 
090 |c 2852  |d 2852 
100 1 |a Gonzl̀ez Pillado, Esther 
245 1 3 |a La Reclamacin̤ de deudas dinerarias civiles  |h [Recurso electrn̤ico] /  |c Esther Gonzl̀ez Pillado, M® Dolores Fernǹdez 
256 |a Servicio en ln̕ea 
260 |a Madrid :  |b Boletn̕ Oficial del Estado,  |c 2004 
300 |a 1 recurso electrn̤ico 
506 1 |a Contenido solo disponible en los productos indicados  |d vLex Global   |d vLex Global (Academic Edition, excluding Law Schools)   |d vLex Global (U.S. Academic Edition, Law Schools)   |d vLex Global (U.S. Academic Edition, excluding Law Schools)   |d vLex Global (Academic Edition, Law Schools)  
650 0 4 |a Deudor y creditor  |z Espaą 
650 0 4 |a Deudor y creditor  |z Espaą  |x Aspectos legales 
700 1 |a Fernǹdez Fustes, Mara̕ Dolores 
740 0 |a vLex Libros (Servicio en ln̕ea) 
830 0 |a Conoce tus derechos ;  |v 15 
856 4 0 |z Acceso restringido  |u http://vlex.com/source/reclamacion-deudas-dinerarias-civiles-1796 
942 |c BOOK 
999 0 |a Debtor and creditor 
999 0 |a Commercial law